Stroud's Judicial Dictionary of Words and Phrases / (Record no. 8511)
[ view plain ]
| 000 -LEADER | |
|---|---|
| fixed length control field | 00660nam a22002297a 4500 |
| 003 - CONTROL NUMBER IDENTIFIER | |
| control field | OSt |
| 005 - DATE AND TIME OF LATEST TRANSACTION | |
| control field | 20170706213131.0 |
| 008 - FIXED-LENGTH DATA ELEMENTS--GENERAL INFORMATION | |
| fixed length control field | 170705b xxu||||| |||| 00| 0 eng d |
| 020 ## - INTERNATIONAL STANDARD BOOK NUMBER | |
| International Standard Book Number | 0421586605 |
| 020 ## - INTERNATIONAL STANDARD BOOK NUMBER | |
| International Standard Book Number | 0421366303 |
| 040 ## - CATALOGING SOURCE | |
| Original cataloging agency | LDCLIB |
| Transcribing agency | LDCLIB |
| 082 ## - DEWEY DECIMAL CLASSIFICATION NUMBER | |
| Edition number | 22 |
| Classification number | Ref. 340.03 |
| Item number | JAM |
| 100 ## - MAIN ENTRY--PERSONAL NAME | |
| Personal name | James, John S. |
| 245 10 - TITLE STATEMENT | |
| Title | Stroud's Judicial Dictionary of Words and Phrases / |
| Statement of responsibility, etc | John S. Greenberg and Alexandra Millbrook. |
| 250 ## - EDITION STATEMENT | |
| Edition statement | 5th ed. |
| 260 ## - PUBLICATION, DISTRIBUTION, ETC. (IMPRINT) | |
| Place of publication, distribution, etc | London : |
| Name of publisher, distributor, etc | Sweet & Maxwell, |
| Date of publication, distribution, etc | 1997. |
| 300 ## - PHYSICAL DESCRIPTION | |
| Extent | cxxxiv, 347 p. ; |
| Dimensions | 24 cm. |
| 650 ## - SUBJECT ADDED ENTRY--TOPICAL TERM | |
| Topical term or geographic name as entry element | Law |
| General subdivision | Dictionary |
| 700 ## - ADDED ENTRY--PERSONAL NAME | |
| Personal name | Greenberg, Daniel. |
| 700 ## - ADDED ENTRY--PERSONAL NAME | |
| Personal name | Millbrook, Alexandra. |
| 942 ## - ADDED ENTRY ELEMENTS (KOHA) | |
| Source of classification or shelving scheme | Dewey Decimal Classification |
| Koha item type | Books |
| Withdrawn status | Lost status | Damaged status | Not for loan | Home library | Current library | Shelving location | Date acquired | Total Checkouts | Full call number | Barcode | Date last seen | Price effective from | Koha item type |
|---|---|---|---|---|---|---|---|---|---|---|---|---|---|
| Law Development Centre Main Library | Law Development Centre Main Library | Text Books and Laws | 07/05/2017 | Ref. 340.03 JAM | 2011/2572 | 07/05/2017 | 07/05/2017 | Books | |||||
| Law Development Centre Main Library | Law Development Centre Main Library | Text Books and Laws | 07/05/2017 | Ref. 340.03 JAM | 2011/2571 | 07/05/2017 | 07/05/2017 | Books |
